00229nam a2200097Ia 4500008004100000041000800041082001600049100002000065245003700085260000900122240625s9999 xx 000 0 und d aeng a658.404 MAN aMANTEL SAMUEL J aPROJECT MANAGEMENT CORE TEXTBOOK c2009